Najlepsi strzelcy laliga w sezonie 24/25 - Statystyki

Ogólne statystyki
  • Ten quiz został rozwiązany 25 razy
  • Średni wynik to 10 z 20
Statystyki odpowiedzi
Numer w klasyfikacji Narodowość Klub Pozycja Zawodnik % Poprawnych
2 Polska Fc Barcelona Napastnik Robert Lewandowski
100%
1 Francja Real Madryt Napastnik Kylian Mbappé
96%
4 Norwegia Atletico Madryt Napastnik Alexander Sorloth
88%
3 Chorwacja CA Osasuna Napastnik Ante Budimir
75%
7 Argentyna Atletico Madryt Napastnik Julian Alvarez
75%
6 Brazylia Fc Barcelona Skrzydłowy Raphinha
71%
19 Hiszpania Fc barcelona Ofensywny Pomocnik Dani Olmo
63%
17 Hiszpania Fc Barcelona Napastnik Ferran Torres
63%
18 Hiszpania Celta Vigo Napastnik Iago Aspas
50%
11 Brazylia Real Madryt Skrzydłowy Vinicius Junior
50%
8 Hiszpania Atheltic Bilbao Ofensywny pomocnik Oihan Sancet
46%
16 Urugwaj Girona Napastnik Christhian Stuani
38%
15 Belgia Sevilla Skrzydłowy/Napastnik Dodi Lukebakio
33%
13 Hiszpania Celta Vigo Napastnik Borja Iglesias
29%
14 Hiszpania Valencia Napastnik Hugo Duro
29%
20 Portugalia UD Las Palmas Napastnik Fabio Silva
21%
9 Hiszpania Deportivo Alaves Napastnik Kike Garcia
13%
5 Hiszpania Villarreal Napastnik Ayoze Perez
8%
10 Hiszpania RCD Espanyol Napastnik Javi Puado
4%
12 Francja Villarreal Napastnik Thierno Barry
4%
Nie znaleziono quizów pasujących do podanych kryteriów
Rozkład punktacji
Procent ludzi z każdym wynikiem
Percentyl według liczby udzielonych odpowiedzi
Twoja historia wyników
Nie rozwiązałeś tego quizu